Food packging and storage technology (Record no. 8571)
[ view plain ]
| 000 -LEADER | |
|---|---|
| fixed length control field | 00235nam a22001097a 4500 |
| 040 ## - CATALOGING SOURCE | |
| Transcribing agency | SK |
| 082 ## - DEWEY DECIMAL CLASSIFICATION NUMBER | |
| Classification number | 664 |
| 100 ## - MAIN ENTRY--AUTHOR NAME | |
| Personal name | BUNTONG BORARIN |
| 245 ## - TITLE STATEMENT | |
| Title | Food packging and storage technology |
| 260 ## - PUBLICATION, DISTRIBUTION, ETC. (IMPRINT) | |
| Place of publication | Phnom Penh |
| Name of publisher | BUN |
| Year of publication | 2011 |
| 942 ## - ADDED ENTRY ELEMENTS (KOHA) | |
| Koha item type | សៀវភៅភាសាអង់គ្លេស |
| 952 ## - LOCATION AND ITEM INFORMATION (KOHA) | |
| Withdrawn status [LOCAL, KOHA] | 0 |
| 952 ## - LOCATION AND ITEM INFORMATION (KOHA) | |
| Withdrawn status [LOCAL, KOHA] | 0 |
| 952 ## - LOCATION AND ITEM INFORMATION (KOHA) | |
| Withdrawn status [LOCAL, KOHA] | 0 |
| Permanent Location | Date acquired | Koha item type | Lost status | Shelving location | Barcode | Current Location | Full call number |
|---|---|---|---|---|---|---|---|
| Library Block C | 2016-08-05 | សៀវភៅភាសាអង់គ្លេស | C242 | RUA045098 | Library Block C | 664 BUN 2011 C242 | |
| Library Block C | 2016-08-05 | សៀវភៅភាសាអង់គ្លេស | C242 | RUA045780 | Library Block C | 664 BUN 2011 C242 | |
| Library Block C | 2016-08-05 | សៀវភៅភាសាអង់គ្លេស | C242 | RUA045938 | Library Block C | 664 BUN 2011 C242 |